000 00756cam a2200217 a 4500
020 _a9780774818674 (bound : acidfree paper)
020 _a0774818670 (bound : acidfree paper)
020 _a9780774818681(pbk.)
040 _cNLC
082 0 4 _a917 UBC 2010 C151 Or.
100 1 _aCavell, Janice.
245 1 0 _aActs of occupation :
_bCanada and Arctic sovereignty, 1918-25 /
260 _aVancouver :
_bUBC Press,
_cc2010.
300 _aix, 333 p. :
_bill., maps, ports. ;
_c24 cm.
650 0 _aJurisdiction, Territorial
650 6 _aCompétence territoriale
700 1 _aNoakes, Jeffrey David,
856 4 1 _uhttp://www.loc.gov/catdir/toc/fy12pdf01/2010549457.html
856 4 2 _uhttp://www.h-net.org/reviews/showrev.php?id=32495
942 _cAEDBB
999 _c18711
_d18711